书目信息 |
| 题名: |
流形和STOKES定理
|
|
| 作者: | 徐森林 编 | |
| 分册: | ||
| 出版信息: | 北京 人民教育出版社 1981.12 |
|
| 页数: | 328页 | |
| 开本: | 21cm | |
| 丛书名: | ||
| 单 册: | ||
| 中图分类: | O189.3 | |
| 科图分类: | ||
| 主题词: | 几何 , 拓扑 | |
| 电子资源: | ||
| ISBN: | ||
| 000 | 00570nam0 2200217 45 | |
| 001 | 0405241143 | |
| 005 | 20060406152517.01 | |
| 010 | @dCNY1.10 | |
| 091 | @a13012.0696 | |
| 100 | @a20040524d1981 km y0chiy0120 ea | |
| 101 | 0 | @achi |
| 200 | 1 | @a流形和STOKES定理@ALiu Xing He STOKES Ding Li@f徐森林编@FXu Sen Lin Bian |
| 210 | @a北京@c人民教育出版社@d1981.12 | |
| 215 | @a328页@d21cm | |
| 300 | @a高等学校教学参考书 | |
| 606 | 0 | @a几何 |
| 606 | 0 | @a拓扑 |
| 690 | @aO189.3@v3 | |
| 701 | 0 | @a徐森林@4编 |
| 801 | @aCN@bPftUser@c20060406 | |
| 905 | @dO189.3@e11@b93026@f1 | |
| 流形和STOKES定理/徐森林编.-北京:人民教育出版社,1981.12 |
| 328页;21cm |
| 高等学校教学参考书 |
| ISBN :CNY1.10 |
| ● |
| 相关链接 |
|
|
|
|
正题名:流形和STOKES定理
索取号:O189.3/11
 
预约/预借
| 序号 | 登录号 | 条形码 | 馆藏地/架位号 | 状态 | 备注 |
| 1 | 0093026 | 001939433 | 第三借阅区/ [索取号:O189.3/11] | 在馆 | |
| 2 | 0093027 | 000397911 | 第二样本阅览室/ [索取号:O189.3/11] | 在馆 | |
| 3 | 0093028 | 202210204 | 密集书库/ [索取号:O189.3/11] | 在馆 |